[Event "Nordic School-chT"]
[Site "Helsinki"]
[Date "2013.09.14"]
[Round "4.6"]
[White "Fossan, Aleksander"]
[Black "Holmberg, Fabian"]
[Result "1-0"]
[WhiteElo "1259"]
[BlackElo "1340"]
[PlyCount "81"]
[EventDate "2013.09.13"]
[EventType "team-tourn"]
[EventRounds "5"]
[EventCountry "FIN"]
[SourceTitle "EXT 2022"]
[Source "ChessBase"]
[SourceDate "2021.10.06"]
[SourceVersion "1"]
[SourceVersionDate "2021.10.06"]
[SourceQuality "1"]
[WhiteTeam "Stavanger Lassa Skola"]
[BlackTeam "Taby Vallatorpskolan"]
[WhiteTeamCountry "NOR"]
[BlackTeamCountry "SWE"]

1. e4 e5 2. Nf3 Nc6 3. Bc4 Nf6 4. d3 d6 5. Nc3 Bg4 6. h3 Bh5 7. g4 Bg6 8. Be3 Qd7 9. Qd2 0-0-0 10. 0-0-0 Kb8 11. Nh4 Nb4 12. Nxg6 hxg6 13. d4 Qc6 14. Bb5 Nxa2+ 15. Nxa2 Qxb5 16. f3 Be7 17. d5 Qa6 18. Kb1 Rc8 19. Nb4 Qb5 20. Qc3 Nd7 21. Qa3 Nb6 22. Rd3 Qa4 23. Qxa4 Nxa4 24. Ra3 Nc5 25. Nd3 b6 26. Nb4 a5 27. Nc6+ Kb7 28. Nxe7 Ra8 29. Bxc5 dxc5 30. c4 Rhe8 31. Nc6 Rf8 32. Nxe5 Rae8 33. Nc6 f5 34. Re3 a4 35. e5 Kc8 36. Ra3 fxg4 37. fxg4 Rf4 38. Rxa4 b5 39. Ra8+ Kd7 40. e6+ Rxe6 41. Rd8# 1-0